Maďari víťazstvá a prehry

Gespeichert in:
Bibliographische Detailangaben
1. Verfasser: Lendvai, Paul
Weitere Verfasser: Zágoršeková, Marta
Format: Buch
Sprache:Slowakisch
Veröffentlicht: Bratislava Kalligram 2011
Schlagworte:
Tags: Tag hinzufügen
Keine Tags, Fügen Sie das erste Tag hinzu!

MARC

LEADER 00000nam a2200000 4500
001 0150884
005 20221207093637.2
020 |a 978-80-8101-464-2 
041 0 |a slo 
044 |a SK 
245 1 0 |a Maďari  |b víťazstvá a prehry  |c Paul Lendvai ; preložila a doplnila: Marta B. Zágoršeková 
264 1 |a Bratislava  |b Kalligram  |c 2011 
300 |a 463 s. 
610 2 0 |a dejiny 
610 2 0 |a vývoj spoločenský 
610 2 0 |a konflikty etnické 
610 2 0 |a konflikty medzinárodné 
610 2 0 |a vojny 
610 2 0 |a nacionalizmus 
610 2 0 |a formy organizácie politickej 
610 2 0 |a transformácia 
610 2 0 |a história 
610 2 0 |a osobnosť 
610 2 0 |a Maďarsko 
100 1 |a Lendvai, Paul 
700 1 |a Zágoršeková, Marta